[Event "105th ch-GBR TB 2018"]
[Site "Hull ENG"]
[Date "2018.08.05"]
[Round "2"]
[White "McShane, Luke J"]
[Black "Adams, Michael"]
[Result "1-0"]
[WhiteTitle "GM"]
[BlackTitle "GM"]
[WhiteElo "2669"]
[BlackElo "2706"]
[WhiteFideId "404853"]
[BlackFideId "400041"]
[EventDate "2018.08.05"]

1. e4 e5 2. Nf3 Nc6 3. Bc4 Bc5 4. d3 Nf6 5. O-O O-O 6. h3 h6 7. c3 d6 8. Re1 a6
9. Bb3 Re8 10. Nbd2 Be6 11. Nf1 Bxb3 12. axb3 d5 13. Qe2 Qd7 14. b4 Bf8 15. Ng3
Rad8 16. Kf1 g6 17. Qc2 Re6 18. Qa4 dxe4 19. dxe4 Qd3+ 20. Kg1 Red6 21. Be3 Qc4
22. Rac1 Kh7 23. b3 Qe6 24. c4 R6d7 25. c5 Rd3 26. Rc4 Na7 27. Bc1 Nd7 28. Qa2
Nb8 29. Bd2 Nbc6 30. Nf1 Nb5 31. Ne3 Nbd4 32. Nxd4 Nxd4 33. Bc3 Nb5 34. Bb2 c6
35. Ba1 h5 36. Rc2 Bh6 37. Nc4 Nd4 38. Bxd4 R8xd4 39. Qb2 h4 40. Rce2 Bf4 41.
Qc2 Kg7 42. Rf1 Kg8 43. Ree1 Qd7 44. Nd6 Rd2 45. Qc3 R2d3 46. Qc2 Rd2 47. Qb1
Rxb4 48. Nc4 Rd4 49. Rd1 Rb5 50. b4 a5 51. Rxd4 Qxd4 52. Nd6 Qxb4 53. Nxb5 Qxc5
54. Nc7 b5 55. Rd1 a4 56. Qd3 Bg5 57. Qd7 Qc4 58. Qe8+ Kh7 59. Qxe5 Qc2 60. Rf1
Qd2 61. Ne8 Bh6 62. Nf6+ Kg7 63. Ng4+ Kh7 64. Qf6 Bg7 65. Qxh4+ Kg8 66. Nf6+
Bxf6 67. Qxf6 a3 68. e5 Qc3 69. Rd1 Kh7 70. Rd8 1-0